Statistiken für Teuerste Transfers von Bayern München (Verkäufe)

Klicken Sie hier um das Quiz zu spielen!

Allgemein

  • Dieses Quiz wurde 226 mal gespielt
    (108 seit der letzten Aktualisierung)
  • Das Durchschnittsergebnis liegt bei 16 aus 26

Antwortstatistiken

Ablöse (in Mio)JahrKäuferSpieler% Korrekt
452022BarcaRobert Lewandowski
93%
302023Al-NassrSadio Mane
91%
30,52019BVBMats Hummels
89%
252014RealToni Kroos
88%
452023PSGLucas Hernandez
85%
222016BVBMario Götze
85%
302023Inter MailandBenjamin Pavard
83%
222020LiverpoolThiago
80%
402023LiverpoolRyan Gravenberch
76%
192023DortmundMarcel Sabitzer
73%
402018JuveDouglas Costa
68%
102009KölnLukas Podolski
62%
15,52013FlorenzMario Gomez
59%
202019LilleRenato Sanches
59%
162018SchalkeSebastian Rudy
57%
182018BarcaArturo Vidal
55%
222014AtleticoMario Mandzukic
45%
252007ManUtdOwen Hargreaves
45%
122022Crystal PalaceChris Richards
43%
122016BVBSebastian Rode
40%
162022SevillaTanguy Nianzou
39%
122022LeedsMarc Roca
38%
162013WolfsburgLuiz Gustavo
35%
152016SouthamptonPierre-Emile Höjbjerg
32%
16,72017JuveMedhi Benatia
29%
152015InterXherdan Shaqiri
24%

Verteilung der Resultate

Perzentil nach korrekt beantworteten Fragen

Anzahl Personen mit jedem Resultat

Ihre Resultats-Entwicklung

Sie haben dieses Quiz seit der letzten Aktualisierung nicht gespielt